| 000 | 00569nam a22002051a 4500 | ||
|---|---|---|---|
| 001 | 7371 | ||
| 003 | OSt | ||
| 005 | 20260204212128.0 | ||
| 008 | 071023s2005||||ag ||||||b||||||||||spa|| | ||
| 020 | _a9501261069 | ||
| 050 | _a370.82 Z38e | ||
| 100 | _aZelmanovich, Perla | ||
| 245 | _aEfemérides entre el niño y la historia: sinfonía en cuatro movimientos / Perla Zelmanovich | ||
| 250 | _a3 | ||
| 264 | _aArgentina : Paidós Educador | ||
| 300 | _a191 p | ||
| 500 | _aIncluye bibiografía | ||
| 650 | _aEducación - Argentina 2.EfeméridesÌ | ||
| 942 |
_2ddc _cBK |
||
| 999 |
_c7371 _d7371 |
||